| 000 | 01201nam a2200349 a 4500 | ||
|---|---|---|---|
| 001 | vtls000052454 | ||
| 003 | NLI | ||
| 005 | 20210601190548.0 | ||
| 008 | 101125s1962 ne a 000 0 eng | ||
| 039 | 9 |
_y201011250511 _zVLOAD |
|
| 040 |
_aNLI _beng _cVTLS _eAACR2 |
||
| 041 | 0 | _aeng | |
| 044 | _ane | ||
| 082 | 0 | 4 | _a538.74 |
| 100 | 1 |
_aBartels, Julius, _d1899-1964 _9134657 |
|
| 245 | 1 | 0 |
_aGeomagnetic data 1958 : _brapid variations / _cby J. Bartels, A. Romana, and J. Veldkamp |
| 246 | 0 | 3 | _aGeomagnetic data 1958 etc |
| 260 |
_aAmsterdam : _bNorth-Holland, _c1962 |
||
| 300 |
_avi, 93 p. : _bill. ; _c22 cm. |
||
| 440 | 0 |
_aInternational association of geomagnitism and aeronomy bulletin ; _vno. 12 m 2 _9134658 |
|
| 500 | _aAssociation of geomagnetism and aeronomy formaly known as association of terrestrial magnetism and electricity | ||
| 500 | _aLibrary has 2 cops. | ||
| 650 | 0 |
_aGeomagnetism _9134659 |
|
| 700 | 1 |
_aVeldkamp, J., _4jt. aut _9134660 |
|
| 700 | 1 |
_aRomana, A., _4jt. aut _9134661 |
|
| 887 | _a | ||
| 901 |
_aG4724 _b02.11.1962 |
||
| 902 | _aE538.74 B281 | ||
| 906 |
_a0013676A _z1 |
||
| 949 |
_AVIRTUAITEM _D10000 _X100 _6GXX000004724ENG |
||
| 942 |
_2ddc _cBKS |
||
| 999 |
_aVIRTUA00 _c56502 _d56502 |
||